000 00574nam a2200169Ia 4500
008 090711s9999 xx 000 0 und d
082 _b35843
100 _aसावरकर सुभाष
245 _aसौदा आणि तीन एकांकिका
260 _c1976
300 _a12+16+15
600 _aसावरकर सुभाष
630 _aसौदा आणि तीन एकांकिका
700 _aसावरकर सुभाष
730 _aसौदा आणि तीन एकांकिका
942 _cBOOK
999 _c306122
_d306122